|
|
|
|
| LEADER |
00000nab a2200000 a 4500 |
| 001 |
vtls009630934 |
| 003 |
SK-MaSNL |
| 005 |
20260303060418.0 |
| 008 |
190503c2009 xo mr p 000 c0ukr |
| 015 |
|
|
|a SNBRB2009/07
|
| 038 |
|
|
|a SVKPOCL
|
| 040 |
|
|
|a SVKPOCL
|b slo
|c SVKPOCL
|e AACR2
|
| 041 |
0 |
|
|a ukr
|h pol
|
| 044 |
|
|
|a xo
|c SK
|
| 080 |
|
|
|a 821.162.1-1=161.2
|2 2001
|
| 080 |
|
|
|a 821.162.1-93=161.2
|2 2001
|
| 100 |
1 |
|
|a Grabowski, Andrzej
|4 aut
|9 1053195
|
| 245 |
1 |
0 |
|a Taka pora
|c Andžej Hrabods'kyj ; Z pol'skoji pereklav Jurij Zavhorodnij
|
| 650 |
0 |
7 |
|a poľská literatúra
|2 svkpocl
|9 1201
|
| 650 |
0 |
7 |
|a poľská poézia
|2 svkpocl
|9 83028
|
| 650 |
0 |
7 |
|a literatúra pre deti a mládež
|2 svkpocl
|9 21893
|
| 700 |
1 |
|
|a Zavhorodnij, Jurij,
|d 1940-
|4 trl
|9 1036348
|
| 773 |
0 |
|
|t Veselka
|g Rič. [60], č. 10 (2008/2009), s. 11
|x 1337-6314
|
| 852 |
|
|
|a SVKPO
|b KIS3GCP
|
| 958 |
|
|
|a UK
|
| 958 |
|
|
|a LX
|
| 958 |
|
|
|a UA
|
| 958 |
|
|
|a SK
|
| 958 |
|
|
|a PL
|
| 999 |
|
|
|c 1731280
|d 1733210
|